Сказ о походе Чжэн Хэ в Западный океан (Запись № 12398910)
[ простой вид ]
| 000 -МАРКЕР | |
|---|---|
| контрольное поле | 01582nam1a2200349 i 4500 |
| 001 - ИДЕНТИФИКАТОР ЗАПИСИ | |
| контрольное поле | RU\NLR\BIBL_A\021981190 |
| 005 - ИДЕНТИФИКАТОР ВЕРСИИ | |
| контрольное поле | 20241212232557.0 |
| 010 ## - МЕЖДУНАРОДНЫЙ СТАНДАРТНЫЙ НОМЕР КНИГИ (ISBN) | |
| Номер (ISBN) | 9785907646216 |
| Тираж | 1000 |
| 035 ## - ДРУГИЕ СИСТЕМНЫЕ НОМЕРА | |
| Идентификатор записи | (NLR Aleph) 021981190 |
| 100 ## - ДАННЫЕ ОБЩЕЙ ОБРАБОТКИ | |
| Данные общей обработки | 20230714d2023 u y0rusy50 ca |
| 101 1# - ЯЗЫК РЕСУРСА | |
| Язык текста, звукозаписи и т.д. | русский |
| Язык оригинала | китайский |
| 102 ## - СТРАНА ПУБЛИКАЦИИ ИЛИ ПРОИЗВОДСТВА | |
| Страна публикации | российская федерация |
| 105 ## - ПОЛЕ КОДИРОВАННЫХ ДАННЫХ: ТЕКСТОВЫЕ МАТЕРИАЛЫ, МОНОГРАФИЧЕСКИЕ | |
| Кодированные данные о монографическом текстовом документе | | z ||||| |
| 181 #0 - ПОЛЕ КОДИРОВАННЫХ ДАННЫХ: ВИД СОДЕРЖАНИЯ | |
| Код вида содержания (ISBD) | i |
| Код характеристики содержания (ISBD) | axxe |
| 182 #0 - ПОЛЕ КОДИРОВАННЫХ ДАННЫХ: ТИП СРЕДСТВА | |
| Код типа средства (ISBD) | n - непосредственное |
| 200 1# - ЗАГЛАВИЕ И СВЕДЕНИЯ ОБ ОТВЕТСТВЕННОСТИ | |
| Основное заглавие | Сказ о походе Чжэн Хэ в Западный океан |
| Сведения, относящиеся к заглавию | роман |
| -- | в 2 т. |
| Первые сведения об ответственности | Ло Маодэн |
| Последующие сведения об ответственности | пер. с кит., предисловие, комментарии, приложения Н. Е. Боревской |
| 203 ## - ВИД СОДЕРЖАНИЯ И ТИП СРЕДСТВА | |
| Вид содержания | Текст |
| Дополнительные сведения об издании | визуальный |
| Тип средства | непосредственный |
| 205 ## - СВЕДЕНИЯ ОБ ИЗДАНИИ | |
| Сведения об издании | Сокр. изд. |
| 210 ## - ПУБЛИКАЦИЯ, РАСПРОСТРАНЕНИЕ И ДР. | |
| Место издания, распространения и т.д. | Москва |
| Имя издателя, распространителя и т. д. | Шанс |
| Дата издания, распространения и т.д. | 2023 |
| 215 ## - ФИЗИЧЕСКАЯ ХАРАКТЕРИСТИКА | |
| Размеры | 22 |
| 333 ## - ПРИМЕЧАНИЯ ОБ ОСОБЕННОСТЯХ РАСПРОСТРАНЕНИЯ И ИСПОЛЬЗОВАНИЯ | |
| Текст примечания | 16+ |
| 500 10 - УНИФИЦИРОВАННОЕ ЗАГЛАВИЕ | |
| Графика поля | Кириллица |
| Унифицированное заглавие | Саньбао тайцзянь Сиян цзи |
| Системный номер авторитетной/нормативной записи | 2639848 |
| Идентификатор авторитетной / нормативной записи | RU\NLR\AUTH\5508876 |
| 604 ## - ИМЯ И ЗАГЛАВИЕ КАК ПРЕДМЕТ | |
| Связываемые данные | 700#0$aЛо Маодэн$f1517 |
| -- | 500##$a"Сказ о походе Чжэн Хэ в Западный океан"$2nlr_sh2$3RU\NLR\AUTH\6601728983 |
| Идентификатор авторитетной/нормативной записи | RU\NLR\AUTH\6601728983 |
| Имя лица | Ло Маодэн (1517) |
| Заглавие | "Сказ о походе Чжэн Хэ в Западный океан" |
| Системный номер авторитетной/нормативной записи | 2564774 |
| 686 1# - ИНДЕКСЫ ДРУГИХ КЛАССИФИКАЦИЙ | |
| Индекс | Ш5(5Кит)4-4Ло Маодэн534 |
| 700 #0 - ИМЯ ЛИЦА - ПЕРВИЧНАЯ ОТВЕТСТВЕННОСТЬ | |
| Графика поля | Кириллица |
| Материалы, к которым относится поле | rus |
| Начальный элемент ввода | Ло Маодэн |
| Даты | 1517- |
| Системный номер авторитетной/нормативной записи | 259025 |
| Идентификатор авторитетной/нормативной записи | RU\NLR\AUTH\770259081 |
| 702 #1 - ИМЯ ЛИЦА - ВТОРИЧНАЯ ОТВЕТСТВЕННОСТЬ | |
| Начальный элемент ввода | Боревская |
| Часть имени, кроме начального элемента ввода | Н. Е. |
| Даты | 1940- |
| Расширение инициалов личного имени | Нина Ефимовна |
| Код отношения | Переводчик |
| 852 ## - МЕСТОНАХОЖДЕНИЕ И ШИФР ХРАНЕНИЯ | |
| Идентификатор организации | NLR |
| Шифр хранения (Call Number) | 2023-5/5495 |
| 942 ## - ДОПОЛНИТЕЛЬНЫЕ ЭЛЕМЕНТЫ ЗАПИСИ (АБИС) | |
| Тип экземпляра АБИС | Книга |
Нет доступных экземпляров.